Gestión del cambio y la innovación en la empresa: Un modelo para la innvacion empresarial (Registro nro. 11495)

Detalles MARC
000 -LEADER
fixed length control field 00566nam a22001811a 4500
001 - CONTROL NUMBER
control field 11495
003 - CONTROL NUMBER IDENTIFIER
control field OSt
005 - DATE AND TIME OF LATEST TRANSACTION
control field 20260204212244.0
008 - FIXED-LENGTH DATA ELEMENTS--GENERAL INFORMATION
fixed length control field 121119s2010||||ck ||||||b||||||||||spa||
020 ## - NUMERO DE LIBRO INTERNACIONAL NORMALIZADO
International Standard Book Number 9789588675111
050 ## - LIBRARY OF CONGRESS CALL NUMBER
Classification number 658.406 M366g
100 ## - ASIENTO PRINCIPAL -- NOMBRE PERSONAL
Personal name Martinez Villaverde, Lorena
245 ## - TÍTULO PROPIAMENTE DICHO: SUBTÍTULO
Title Gestión del cambio y la innovación en la empresa: Un modelo para la innvacion empresarial
264 ## - PRODUCTION, PUBLICATION, DISTRIBUTION, MANUFACTURE, AND COPYRIGHT NOTICE
Place of production, publication, distribution, manufacture Colombia : Ediciones de la U
300 ## - PHYSICAL DESCRIPTION
Extensión 142 P.
650 ## - ASIENTO SECUNDARIO DE MATERIA -- TERMINO TEMÁTICO
Termino Temático Como Elemento de Entrada Manejo del cambio. 2 Administracion del cambio. 3 Innovacion EmpresarialÌ
942 ## - ADDED ENTRY ELEMENTS (KOHA)
Source of classification or shelving scheme Dewey Decimal Classification
Koha item type Libros
Existencias
Withdrawn status Lost status Source of classification or shelving scheme Damaged status Not for loan Current library Date acquired Total Checkouts Full call number Barcode Date last seen Price effective from Koha item type
    Dewey Decimal Classification     Biblioteca UTECO 09/09/2019   658.406 M366G 016498 09/09/2019 09/09/2019 Libros
    Dewey Decimal Classification     Biblioteca UTECO 09/09/2019   658.406 M366G 016499 09/09/2019 09/09/2019 Libros
© 2021 Derechos Reservados UTECO - Teléfono: +1 809-585-2291 - Correo electrónico: biblioteca@uteco.edu.do​  
Código postal 43000 ​​
Dirección: Avenida Universitaria No. 100, 
Cotuí, Provincia Sánchez Ramírez, República Dominicana - RNC: 404-00059-6